[Event "WCO 2016"]
[Site "?"]
[Date "2016.09.13"]
[Round "11"]
[Board "31"]
[WhiteID "19600054"]
[White "Hemam Moulaye Brahim"]
[BlackID "15200035"]
[Black "Oberholzer Rex"]
[Result "1/2-1/2"]
[BlackElo "2047"]
[WhiteElo "2032"]
[LiveChessVersion "1.4.8"]

1. c4 {[%clk 1:30:55]} e5 {[%clk 1:30:39]} 2. g3 {[%clk 1:31:15]} Nf6
{[%clk 1:31:00]} 3. Bg2 {[%clk 1:31:40]} d5 {[%clk 1:31:14]} 4. cxd5
{[%clk 1:32:01]} Nxd5 {[%clk 1:31:36]} 5. Nc3 {[%clk 1:32:27]} Nb6
{[%clk 1:31:52]} 6. Nf3 {[%clk 1:32:49]} Nc6 {[%clk 1:32:12]} 7. O-O
{[%clk 1:33:09]} Be7 {[%clk 1:32:37]} 8. d3 {[%clk 1:33:30]} O-O {[%clk 1:32:55]}
9. h3 {[%clk 1:33:43]} Be6 {[%clk 1:32:33]} 10. a3 {[%clk 1:33:26]} f6
{[%clk 1:32:46]} 11. b4 {[%clk 1:31:14]} a5 {[%clk 1:31:49]} 12. b5
{[%clk 1:30:31]} Nd4 {[%clk 1:31:58]} 13. Nd2 {[%clk 1:27:51]} Qc8
{[%clk 1:31:45]} 14. e3 {[%clk 1:23:30]} Nf5 {[%clk 1:31:40]} 15. Qf3
{[%clk 1:21:57]} Nd6 {[%clk 1:29:46]} 16. Kh2 {[%clk 1:16:37]} f5
{[%clk 1:16:38]} 17. Rd1 {[%clk 1:11:51]} a4 {[%clk 1:10:36]} 18. Bb2
{[%clk 1:02:44]} Ra5 {[%clk 1:05:36]} 19. Rdc1 {[%clk 0:59:14]} Nxb5
{[%clk 0:54:51]} 20. Qxb7 {[%clk 0:58:14]} Qxb7 {[%clk 0:49:23]} 21. Bxb7
{[%clk 0:58:34]} Bd6 {[%clk 0:48:36]} 22. Bc6 {[%clk 0:47:01]} Na7
{[%clk 0:46:37]} 23. Bf3 {[%clk 0:43:19]} Nac8 {[%clk 0:44:07]} 24. Be2
{[%clk 0:38:16]} Ne7 {[%clk 0:42:21]} 25. Nc4 {[%clk 0:33:41]} Nxc4
{[%clk 0:40:25]} 26. dxc4 {[%clk 0:34:00]} f4 {[%clk 0:39:29]} 27. exf4
{[%clk 0:06:00]} exf4 {[%clk 0:38:51]} 28. Ne4 {[%clk 0:04:15]} fxg3+
{[%clk 0:38:52]} 29. fxg3 {[%clk 0:03:12]} Be5 {[%clk 0:37:49]} 30. Bxe5
{[%clk 0:01:56]} Rxe5 {[%clk 0:38:03]} 31. Bd3 {[%clk 0:02:16]} Rf3
{[%clk 0:37:06]} 32. Rd1 {[%clk 0:00:37]} Rxd3 {[%clk 0:36:25]} 33. Rxd3
{[%clk 0:00:41]} Rxe4 {[%clk 0:36:51]} 34. Rd8+ {[%clk 0:00:47]} Kf7
{[%clk 0:37:04]} 35. Rf1+ {[%clk 0:01:07]} Kg6 {[%clk 0:37:16]} 36. g4
{[%clk 0:00:43]} Bxc4 {[%clk 0:37:13]} 37. Rc1 {[%clk 0:01:02]} Nd5
{[%clk 0:36:59]} 38. Rxc4 {[%clk 0:01:05]} Rxc4 {[%clk 0:37:07]} 39. Rxd5
{[%clk 0:01:30]} c6 {[%clk 0:36:58]} 40. Ra5 {[%clk 0:31:49]} Kf6
{[%clk 1:07:05]} 41. Kg2 {[%clk 0:30:30]} h6 {[%clk 1:07:14]} 42. Kh2
{[%clk 0:30:45]} g5 {[%clk 1:07:15]} 43. Ra8 {[%clk 0:30:12]} Ke5
{[%clk 1:07:03]} 44. Rh8 {[%clk 0:30:29]} Rc2+ {[%clk 1:07:16]} 45. Kg3
{[%clk 0:24:50]} Rc3+ {[%clk 1:07:02]} 46. Kg2 {[%clk 0:25:15]} Rxa3
{[%clk 1:06:54]} 47. Rxh6 {[%clk 0:25:37]} Ra2+ {[%clk 1:06:27]} 48. Kg3
{[%clk 0:26:01]} c5 {[%clk 1:05:30]} 49. Rg6 {[%clk 0:26:04]} a3 {[%clk 1:05:33]}
50. Rxg5+ {[%clk 0:26:15]} Kd4 {[%clk 1:05:48]} 51. Rf5 {[%clk 0:25:12]} Ra1
{[%clk 1:05:52]} 52. Rf4+ {[%clk 0:23:36]} Ke5 {[%clk 1:04:52]} 53. Rf2
{[%clk 0:19:33]} Rb1 {[%clk 1:01:28]} 54. Re2+ {[%clk 0:11:27]} Kd4
{[%clk 1:01:29]} 55. g5 {[%clk 0:10:50]} Kd3 {[%clk 1:01:44]} 56. Ra2
{[%clk 0:10:50]} Rb3 {[%clk 1:01:20]} 57. Kg4 {[%clk 0:09:24]} Kc3
{[%clk 1:01:09]} 58. Kf5 {[%clk 0:09:05]} c4 {[%clk 1:01:28]} 59. Kf4
{[%clk 0:07:49]} Kd3 {[%clk 0:57:58]} 60. g6 {[%clk 0:07:51]} c3 {[%clk 0:57:56]}
61. g7 {[%clk 0:05:54]} c2 {[%clk 0:58:14]} 62. Rxc2 {[%clk 0:01:42]} Kxc2
{[%clk 0:58:15]} 63. g8=Q {[%clk 0:02:05]} a2 {[%clk 0:57:42]} 64. Qg2+
{[%clk 0:01:52]} Kb1 {[%clk 0:58:06]} 65. Qf1+ {[%clk 0:01:33]} Kb2
{[%clk 0:58:19]} 66. Qe2+ {[%clk 0:01:45]} Ka3 {[%clk 0:58:22]} 67. Qe5
{[%clk 0:00:39]} Rb2 {[%clk 0:57:28]} 68. Qc3+ {[%clk 0:00:41]} Rb3
{[%clk 0:57:49]} 69. Qc1+ {[%clk 0:00:47]} Ka4 {[%clk 0:57:40]} 70. Qa1
{[%clk 0:00:39]} Ka3 {[%clk 0:57:25]} 71. h4 {[%clk 0:00:35]} Rb1
{[%clk 0:57:17]} 72. Qc3+ {[%clk 0:00:41]} Rb3 {[%clk 0:57:41]} 73. Qc1+
{[%clk 0:00:37]} Rb2 {[%clk 0:57:52]} 74. h5 {[%clk 0:00:34]} Kb3
{[%clk 0:58:13]} 75. Qd1+ {[%clk 0:00:50]} Kc3 {[%clk 0:58:28]} 76. Qf3+
{[%clk 0:00:34]} Kb4 {[%clk 0:57:44]} 77. Qb7+ {[%clk 0:00:33]} Kc3
{[%clk 0:58:00]} 78. Qa6 {[%clk 0:00:41]} Kb3 {[%clk 0:57:44]} 79. Qb5+
{[%clk 0:00:40]} Kc3 {[%clk 0:57:49]} 80. Qa5+ {[%clk 0:00:51]} Kb3
{[%clk 0:58:17]} 81. h6 {[%clk 0:00:40]} Rb1 {[%clk 0:58:44]} 82. h7
{[%clk 0:00:34]} a1=Q {[%clk 0:57:29]} 83. Qxa1 {[%clk 0:00:58]} Rxa1
{[%clk 0:57:52]} 84. h8=Q {[%clk 0:01:07]} Ra4+ {[%clk 0:57:52]} 85. Ke3
{[%clk 0:01:14]} Rg4 {[%clk 0:55:56]} 86. Qh3 {[%clk 0:00:58]} Rc4
{[%clk 0:55:47]} 87. Qe6 {[%clk 0:01:04]} Kc3 {[%clk 0:52:41]} 88. Qe5+
{[%clk 0:01:02]} Kb4 {[%clk 0:52:46]} 89. Kd3 {[%clk 0:01:17]} Rc6
{[%clk 0:51:29]} 90. Qe7+ {[%clk 0:01:14]} Kb5 {[%clk 0:51:42]} 91. Kd4
{[%clk 0:01:04]} Rh6 {[%clk 0:45:26]} 92. Qc5+ {[%clk 0:00:38]} Ka6
{[%clk 0:45:37]} 93. Qg5 {[%clk 0:00:53]} Rc6 {[%clk 0:44:09]} 94. Qd5
{[%clk 0:00:59]} Kb7 {[%clk 0:44:24]} 95. Qb5+ {[%clk 0:01:01]} Kc7
{[%clk 0:44:41]} 96. Kd5 {[%clk 0:01:20]} Rd6+ {[%clk 0:44:45]} 97. Kc5
{[%clk 0:01:21]} Rh6 {[%clk 0:42:35]} 98. Qa5+ {[%clk 0:01:10]} Kb7
{[%clk 0:42:50]} 99. Qb4+ {[%clk 0:01:09]} Ka7 {[%clk 0:42:57]} 100. Qa3+
{[%clk 0:01:14]} Ra6 {[%clk 0:42:43]} 101. Qb2 {[%clk 0:01:00]} Rg6
{[%clk 0:42:01]} 102. Qa1+ {[%clk 0:00:54]} Ra6 {[%clk 0:41:50]} 103. Qg7+
{[%clk 0:01:15]} Kb8 {[%clk 0:40:58]} 104. Qf8+ {[%clk 0:01:36]} Kb7
{[%clk 0:40:58]} 105. Qe7+ {[%clk 0:01:20]} Kb8 {[%clk 0:41:00]} 106. Qd8+
{[%clk 0:01:35]} Kb7 {[%clk 0:41:22]} 107. Qd7+ {[%clk 0:00:56]} Kb8
{[%clk 0:41:20]} 108. Kb5 {[%clk 0:00:53]} Ra7 {[%clk 0:41:22]} 109. Qd8+
{[%clk 0:01:16]} Kb7 {[%clk 0:41:47]} 110. Qd7+ {[%clk 0:00:44]} Kb8
{[%clk 0:42:07]} 111. Qc6 {[%clk 0:00:34]} Rb7+ {[%clk 0:42:23]} 112. Ka6
{[%clk 0:00:56]} Ra7+ {[%clk 0:42:19]} 113. Kb5 {[%clk 0:01:10]} Rb7+
{[%clk 0:42:36]} 114. Ka5 {[%clk 0:01:37]} Ra7+ {[%clk 0:43:02]} 1/2-1/2

[Event "WCO 2016"]
[Site "?"]
[Date "2016.09.13"]
[Round "11"]
[Board "32"]
[WhiteID "15200540"]
[White "Beukes Dante M"]
[BlackID "19600038"]
[Black "Taleb Mohamed Ahmed"]
[Result "1-0"]
[BlackElo "1982"]
[WhiteElo "1612"]
[LiveChessVersion "1.4.8"]

1. e4 {[%clk 1:30:56]} c6 {[%clk 1:30:55]} 2. d4 {[%clk 1:31:21]} d5
{[%clk 1:31:19]} 3. Nc3 {[%clk 1:31:45]} e6 {[%clk 1:29:12]} 4. Nf3
{[%clk 1:24:20]} Nd7 {[%clk 1:28:02]} 5. Bd3 {[%clk 1:22:36]} dxe4
{[%clk 1:16:17]} 6. Nxe4 {[%clk 1:22:43]} Ngf6 {[%clk 1:13:26]} 7. Qe2
{[%clk 1:19:33]} c5 {[%clk 1:08:06]} 8. Nxf6+ {[%clk 1:12:14]} Nxf6
{[%clk 1:06:15]} 9. dxc5 {[%clk 1:06:15]} Qa5+ {[%clk 0:58:26]} 10. Bd2
{[%clk 1:05:37]} Qxc5 {[%clk 0:58:13]} 11. O-O-O {[%clk 1:03:36]} Be7
{[%clk 0:55:44]} 12. Kb1 {[%clk 0:58:51]} O-O {[%clk 0:49:04]} 13. Ne5
{[%clk 0:50:52]} b5 {[%clk 0:46:02]} 14. g4 {[%clk 0:17:51]} Bd6 {[%clk 0:31:47]}
15. f4 {[%clk 0:13:06]} g6 {[%clk 0:28:26]} 16. h4 {[%clk 0:06:49]} Bb7
{[%clk 0:26:02]} 17. Rh3 {[%clk 0:05:11]} Rfd8 {[%clk 0:20:44]} 18. Re1
{[%clk 0:03:22]} Rac8 {[%clk 0:18:36]} 19. Nxf7 {[%clk 0:02:20]} Bd5
{[%clk 0:06:29]} 20. Nxd8 {[%clk 0:01:27]} Rxd8 {[%clk 0:06:25]} 21. Bc3
{[%clk 0:01:21]} Be7 {[%clk 0:06:00]} 22. Qe5 {[%clk 0:01:14]} Qf2
{[%clk 0:05:39]} 23. g5 {[%clk 0:00:52]} b4 {[%clk 0:05:34]} 24. Qe2
{[%clk 0:00:51]} Qxe2 {[%clk 0:05:10]} 25. Rxe2 {[%clk 0:01:14]} bxc3
{[%clk 0:04:34]} 26. gxf6 {[%clk 0:01:38]} Bxf6 {[%clk 0:04:13]} 27. b3
{[%clk 0:01:26]} a5 {[%clk 0:04:27]} 28. h5 {[%clk 0:01:28]} a4 {[%clk 0:04:39]}
29. hxg6 {[%clk 0:01:25]} hxg6 {[%clk 0:05:07]} 30. Rg3 {[%clk 0:01:03]} axb3
{[%clk 0:01:28]} 31. Rxg6+ {[%clk 0:00:56]} Kf7 {[%clk 0:01:49]} 32. axb3
{[%clk 0:00:47]} Ra8 {[%clk 0:02:11]} 33. Rxf6+ {[%clk 0:00:38]} Kxf6
{[%clk 0:02:36]} 34. Be4 {[%clk 0:01:03]} Ra5 {[%clk 0:02:19]} 35. Bxd5
{[%clk 0:01:21]} Rxd5 {[%clk 0:02:23]} 36. Re3 {[%clk 0:01:26]} Rc5
{[%clk 0:02:28]} 37. Ka2 {[%clk 0:01:46]} Ra5+ {[%clk 0:02:23]} 38. Kb1
{[%clk 0:02:10]} Rc5 {[%clk 0:02:46]} 39. Re4 {[%clk 0:01:27]} Kf5
{[%clk 0:02:24]} 40. Rd4 {[%clk 0:31:10]} e5 {[%clk 0:30:46]} 41. fxe5
{[%clk 0:30:28]} Kxe5 {[%clk 0:31:13]} 42. Rh4 {[%clk 0:30:07]} Rc8
{[%clk 0:30:19]} 43. Ka2 {[%clk 0:29:00]} Ra8+ {[%clk 0:29:36]} 44. Ra4
{[%clk 0:28:13]} Rc8 {[%clk 0:28:32]} 45. Ka3 {[%clk 0:27:43]} Kd5
{[%clk 0:28:10]} 46. Rh4 {[%clk 0:27:34]} Rc7 {[%clk 0:15:12]} 47. Kb4
{[%clk 0:27:25]} Rc6 {[%clk 0:10:41]} 48. Rc4 {[%clk 0:23:27]} Rxc4+
{[%clk 0:04:08]} 49. bxc4+ {[%clk 0:23:50]} Kd4 {[%clk 0:04:20]} 50. c5
{[%clk 0:23:50]} Kd5 {[%clk 0:04:21]} 51. Kb5 {[%clk 0:24:06]} Kd4
{[%clk 0:04:32]} 52. c6 {[%clk 0:23:57]} Ke3 {[%clk 0:04:52]} 53. Kb4
{[%clk 0:24:15]} 1-0

[Event "WCO 2016"]
[Site "?"]
[Date "2016.09.13"]
[Round "11"]
[Board "29"]
[WhiteID "16700058"]
[White "Mohamed Hassan "]
[BlackID "5500672"]
[Black "Mabrouk Fathi"]
[Result "0-1"]
[BlackElo "2145"]
[WhiteElo "1855"]
[LiveChessVersion "1.4.8"]

1. e4 {[%clk 1:30:55]} c5 {[%clk 1:30:57]} 2. Nf3 {[%clk 1:31:18]} e6
{[%clk 1:31:26]} 3. g3 {[%clk 1:31:23]} Nc6 {[%clk 1:31:52]} 4. Bg2
{[%clk 1:31:41]} Nf6 {[%clk 1:31:56]} 5. Nc3 {[%clk 1:32:03]} d6 {[%clk 1:28:36]}
6. O-O {[%clk 1:32:19]} Be7 {[%clk 1:28:55]} 7. a4 {[%clk 1:32:07]} e5
{[%clk 1:28:37]} 8. d3 {[%clk 1:31:31]} h6 {[%clk 1:28:58]} 9. h3
{[%clk 1:31:29]} Be6 {[%clk 1:29:12]} 10. Kh2 {[%clk 1:31:45]} g5
{[%clk 1:28:33]} 11. Ng1 {[%clk 1:32:04]} g4 {[%clk 1:26:18]} 12. h4
{[%clk 1:32:22]} Nh5 {[%clk 1:26:27]} 13. Nge2 {[%clk 1:32:13]} Bxh4
{[%clk 1:25:46]} 14. gxh4 {[%clk 1:32:35]} Qxh4+ {[%clk 1:26:14]} 15. Kg1
{[%clk 1:32:46]} O-O-O {[%clk 1:26:33]} 16. Be3 {[%clk 1:31:48]} Rdg8
{[%clk 1:26:40]} 17. Qe1 {[%clk 1:31:43]} Nd4 {[%clk 1:23:30]} 18. Bxd4
{[%clk 1:30:05]} cxd4 {[%clk 1:23:50]} 19. Nd5 {[%clk 1:29:27]} Bxd5
{[%clk 1:23:45]} 20. exd5 {[%clk 1:28:12]} f5 {[%clk 1:23:51]} 21. Ng3
{[%clk 1:27:34]} Rg5 {[%clk 1:19:07]} 22. Qb4 {[%clk 1:25:36]} Nxg3
{[%clk 1:12:28]} 23. fxg3 {[%clk 1:25:40]} Qxg3 {[%clk 1:12:45]} 24. Qxd6
{[%clk 1:25:08]} Qe3+ {[%clk 1:13:07]} 25. Rf2 {[%clk 1:24:34]} g3
{[%clk 1:13:13]} 26. Qc5+ {[%clk 1:21:30]} Kb8 {[%clk 1:13:18]} 27. Raf1
{[%clk 1:21:46]} gxf2+ {[%clk 1:13:29]} 28. Rxf2 {[%clk 1:21:35]} Rhg8
{[%clk 1:13:30]} 29. Kf1 {[%clk 1:21:40]} Rxg2 {[%clk 1:13:07]} 0-1

[Event "WCO 2016"]
[Site "?"]
[Date "2016.09.13"]
[Round "11"]
[Board "30"]
[WhiteID "5501660"]
[White "Meftahi Houssem"]
[BlackID "16700031"]
[Black "Ahmed Ashraf"]
[Result "1-0"]
[BlackElo "1880"]
[WhiteElo "2119"]
[LiveChessVersion "1.4.8"]

1. e4 {[%clk 1:30:58]} c5 {[%clk 1:30:53]} 2. Nf3 {[%clk 1:31:23]} d6
{[%clk 1:31:15]} 3. d4 {[%clk 1:31:49]} cxd4 {[%clk 1:31:38]} 4. Nxd4
{[%clk 1:32:18]} Nf6 {[%clk 1:31:57]} 5. Nc3 {[%clk 1:32:44]} e6 {[%clk 1:32:15]}
6. Bc4 {[%clk 1:33:06]} a6 {[%clk 1:32:35]} 7. Bb3 {[%clk 1:33:32]} Be7
{[%clk 1:32:51]} 8. Bg5 {[%clk 1:33:51]} b5 {[%clk 1:32:34]} 9. f4
{[%clk 1:26:07]} Bb7 {[%clk 1:32:42]} 10. Qf3 {[%clk 1:26:18]} Nbd7
{[%clk 1:30:58]} 11. Bxe6 {[%clk 1:26:32]} fxe6 {[%clk 1:25:27]} 12. Nxe6
{[%clk 1:26:56]} Qa5 {[%clk 1:25:36]} 13. Nxg7+ {[%clk 1:22:53]} Kf7
{[%clk 1:22:16]} 14. Nf5 {[%clk 1:22:29]} Bxe4 {[%clk 1:19:00]} 15. Nh6+
{[%clk 1:20:58]} Ke8 {[%clk 1:18:20]} 16. Qe2 {[%clk 1:19:13]} Kf8
{[%clk 1:09:53]} 17. O-O-O {[%clk 1:18:16]} Bg6 {[%clk 0:55:31]} 18. Kb1
{[%clk 0:58:38]} b4 {[%clk 0:51:48]} 19. Nd5 {[%clk 0:54:29]} Re8
{[%clk 0:48:59]} 20. Qc4 {[%clk 0:48:17]} Qc5 {[%clk 0:34:07]} 21. Qxc5
{[%clk 0:47:34]} dxc5 {[%clk 0:33:51]} 22. Nc7 {[%clk 0:47:45]} Bf7
{[%clk 0:31:47]} 23. Nxe8 {[%clk 0:47:33]} Bxe8 {[%clk 0:25:46]} 24. Rhe1
{[%clk 0:47:19]} Ng8 {[%clk 0:22:48]} 25. Nf5 {[%clk 0:43:23]} Bxg5
{[%clk 0:17:21]} 26. fxg5 {[%clk 0:43:49]} h6 {[%clk 0:15:42]} 27. Ng7
{[%clk 0:39:57]} Ne7 {[%clk 0:13:32]} 28. gxh6 {[%clk 0:37:17]} Nf6
{[%clk 0:10:57]} 29. Rd6 {[%clk 0:37:02]} Rxh6 {[%clk 0:10:11]} 30. Nxe8
{[%clk 0:30:27]} Kxe8 {[%clk 0:10:25]} 31. Rde6 {[%clk 0:30:29]} Nfg8
{[%clk 0:09:46]} 32. Rxh6 {[%clk 0:30:55]} Nxh6 {[%clk 0:09:59]} 33. Re6
{[%clk 0:31:17]} Nhf5 {[%clk 0:09:44]} 34. Rxa6 {[%clk 0:31:43]} Ne3
{[%clk 0:09:30]} 35. g3 {[%clk 0:29:34]} Nf1 {[%clk 0:08:30]} 36. Rh6
{[%clk 0:29:57]} Kf7 {[%clk 0:08:07]} 37. Rh5 {[%clk 0:30:16]} Ke6
{[%clk 0:08:06]} 38. a4 {[%clk 0:29:36]} bxa3 {[%clk 0:07:52]} 39. bxa3
{[%clk 0:28:49]} Nd5 {[%clk 0:08:06]} 40. Kb2 {[%clk 0:58:50]} c4
{[%clk 0:37:35]} 41. c3 {[%clk 0:57:44]} Nd2 {[%clk 0:29:19]} 42. Rh4
{[%clk 0:55:14]} Ke5 {[%clk 0:28:03]} 43. a4 {[%clk 0:54:51]} Ne4
{[%clk 0:28:06]} 44. a5 {[%clk 0:54:21]} Ndxc3 {[%clk 0:28:19]} 45. a6
{[%clk 0:54:47]} Na4+ {[%clk 0:23:26]} 46. Kc2 {[%clk 0:55:16]} Nb6
{[%clk 0:22:23]} 47. a7 {[%clk 0:55:30]} 1-0

[Event "WCO 2016"]
[Site "?"]
[Date "2016.09.13"]
[Round "11"]
[Board "31"]
[WhiteID "16700066"]
[White "Abdul Rahman Ali"]
[BlackID "5502012"]
[Black "Ben Ammar Mohamed"]
[Result "0-1"]
[BlackElo "1929"]
[WhiteElo "1853"]
[LiveChessVersion "1.4.8"]

1. d4 {[%clk 1:30:52]} Nf6 {[%clk 1:30:56]} 2. e3 {[%clk 1:31:03]} g6
{[%clk 1:30:58]} 3. Bd3 {[%clk 1:31:19]} Bg7 {[%clk 1:31:20]} 4. f4
{[%clk 1:31:36]} d6 {[%clk 1:27:51]} 5. Nf3 {[%clk 1:31:52]} O-O {[%clk 1:24:06]}
6. O-O {[%clk 1:32:10]} Nbd7 {[%clk 1:23:25]} 7. f5 {[%clk 1:32:29]} e5
{[%clk 1:21:39]} 8. fxe6 {[%clk 1:32:08]} fxe6 {[%clk 1:21:59]} 9. Ng5
{[%clk 1:31:53]} Qe7 {[%clk 1:21:42]} 10. Nc3 {[%clk 1:31:40]} Nb6
{[%clk 1:17:30]} 11. Qe2 {[%clk 1:30:55]} e5 {[%clk 1:11:47]} 12. dxe5
{[%clk 1:30:45]} Qxe5 {[%clk 1:12:05]} 13. Nf3 {[%clk 1:30:31]} Qc5
{[%clk 1:07:17]} 14. Bd2 {[%clk 1:30:40]} d5 {[%clk 1:03:59]} 15. a3
{[%clk 1:30:27]} Bd7 {[%clk 0:57:19]} 16. Rab1 {[%clk 1:27:09]} Rae8
{[%clk 0:55:31]} 17. Nd1 {[%clk 1:27:35]} Qe7 {[%clk 0:53:12]} 18. Bb5
{[%clk 1:26:12]} c6 {[%clk 0:52:33]} 19. Bb4 {[%clk 1:26:30]} c5 {[%clk 0:52:52]}
20. Bxd7 {[%clk 1:26:11]} Nfxd7 {[%clk 0:52:07]} 21. Be1 {[%clk 1:26:24]} Bh6
{[%clk 0:46:11]} 22. Qd3 {[%clk 1:19:24]} Bxe3+ {[%clk 0:43:04]} 23. Kh1
{[%clk 1:19:11]} Bh6 {[%clk 0:39:54]} 24. Bh4 {[%clk 1:19:33]} g5
{[%clk 0:38:01]} 25. Bg3 {[%clk 1:19:41]} Qe2 {[%clk 0:17:07]} 26. Nf2
{[%clk 1:16:16]} Qxd3 {[%clk 0:16:42]} 27. cxd3 {[%clk 1:16:33]} Re2
{[%clk 0:14:44]} 28. Ng4 {[%clk 1:16:41]} Bg7 {[%clk 0:14:48]} 29. Nxg5
{[%clk 1:16:03]} Rxf1+ {[%clk 0:12:41]} 30. Rxf1 {[%clk 1:16:24]} h5
{[%clk 0:12:33]} 31. Nf2 {[%clk 1:16:23]} Rxb2 {[%clk 0:12:33]} 32. Ne6
{[%clk 1:16:16]} Ra2 {[%clk 0:09:24]} 33. h3 {[%clk 1:15:59]} Rxa3
{[%clk 0:09:35]} 34. Kh2 {[%clk 1:16:06]} Ra1 {[%clk 0:09:22]} 35. Nd1
{[%clk 1:16:12]} c4 {[%clk 0:09:09]} 36. dxc4 {[%clk 1:16:14]} dxc4
{[%clk 0:09:17]} 37. Nxg7 Kxg7 38. Re1 {[%clk 1:15:35]} Nd5 {[%clk 0:05:29]} 39.
Bf2 {[%clk 1:14:34]} Kf7 {[%clk 0:04:52]} 40. Nc3 {[%clk 1:10:49]} Rxe1
{[%clk 0:05:02]} 41. Bxe1 {[%clk 1:41:17]} Nxc3 {[%clk 0:34:54]} 42. Bxc3
{[%clk 1:41:45]} Nf6 {[%clk 0:35:11]} 43. Kg1 {[%clk 1:41:59]} Nd5
{[%clk 0:35:29]} 44. Bd2 {[%clk 1:41:42]} b5 {[%clk 0:33:03]} 45. Kf1
{[%clk 1:42:02]} b4 {[%clk 0:25:14]} 46. Ke2 {[%clk 1:42:00]} c3 {[%clk 0:17:02]}
47. Bg5 {[%clk 1:38:53]} Kg6 {[%clk 0:17:15]} 48. h4 {[%clk 1:37:57]} b3
{[%clk 0:16:42]} 49. Kd1 {[%clk 1:38:20]} Kf5 {[%clk 0:16:52]} 50. Kc1
{[%clk 1:38:03]} Kg4 {[%clk 0:17:07]} 51. Kb1 {[%clk 1:37:57]} Kg3
{[%clk 0:17:30]} 52. Ka1 {[%clk 1:37:16]} Kxg2 {[%clk 0:17:53]} 53. Kb1
{[%clk 1:37:33]} Kf2 {[%clk 0:18:12]} 54. Bh6 {[%clk 1:37:26]} Ke2
{[%clk 0:18:23]} 55. Kc1 {[%clk 1:37:12]} Nb4 {[%clk 0:16:56]} 56. Kb1
{[%clk 1:37:14]} Nd3 {[%clk 0:17:02]} 57. Bg5 {[%clk 1:36:56]} a5
{[%clk 0:17:17]} 58. Bh6 {[%clk 1:36:51]} a4 {[%clk 0:17:38]} 59. Bg5
{[%clk 1:36:43]} a3 {[%clk 0:17:02]} 60. Bh6 {[%clk 1:36:39]} c2+
{[%clk 0:16:58]} 61. Ka1 {[%clk 1:37:01]} b2+ {[%clk 0:17:19]} 0-1

[Event "WCO 2016"]
[Site "?"]
[Date "2016.09.13"]
[Round "11"]
[Board "32"]
[WhiteID "5507847"]
[White "Ben Youssef Anis"]
[BlackID "16700406"]
[Black "Muhammed Shuaau"]
[Result "0-1"]
[BlackElo "1692"]
[WhiteElo "1893"]
[LiveChessVersion "1.4.8"]

1. e4 {[%clk 1:30:54]} e5 2. Nf3 {[%clk 1:30:26]} Nc6 {[%clk 1:31:09]} 3. Bb5
{[%clk 1:30:38]} a6 {[%clk 1:31:36]} 4. Bxc6 {[%clk 1:28:03]} dxc6
{[%clk 1:32:03]} 5. Nxe5 {[%clk 1:27:23]} Qd4 {[%clk 1:31:28]} 6. Ng4
{[%clk 1:25:11]} Qxe4+ {[%clk 1:31:20]} 7. Ne3 {[%clk 1:25:14]} Be6
{[%clk 1:31:20]} 8. Nc3 {[%clk 1:23:47]} Qg6 {[%clk 1:31:19]} 9. O-O
{[%clk 1:22:42]} O-O-O {[%clk 1:31:31]} 10. d3 {[%clk 1:21:15]} Nf6
{[%clk 1:29:44]} 11. Bd2 {[%clk 1:18:07]} Bd6 {[%clk 1:29:22]} 12. f4
{[%clk 1:17:57]} Ng4 {[%clk 1:19:25]} 13. Ne4 {[%clk 1:13:56]} Be7
{[%clk 1:15:02]} 14. Qf3 {[%clk 1:12:15]} f5 {[%clk 1:13:30]} 15. Nf2
{[%clk 1:05:40]} h5 {[%clk 1:12:52]} 16. Rfe1 {[%clk 1:02:14]} Bc5
{[%clk 1:12:03]} 17. Nh3 {[%clk 1:00:11]} Bd5 {[%clk 1:10:54]} 18. Qf1
{[%clk 0:58:02]} Rhe8 {[%clk 1:10:21]} 19. d4 {[%clk 0:57:00]} Bxd4
{[%clk 1:10:18]} 20. Kh1 {[%clk 0:52:56]} Bxe3 {[%clk 1:09:47]} 21. Bxe3
{[%clk 0:52:36]} Nxe3 {[%clk 1:09:47]} 22. Rxe3 {[%clk 0:52:44]} Rxe3
{[%clk 1:10:09]} 23. Ng5 {[%clk 0:52:39]} c5 {[%clk 1:05:32]} 24. Rd1
{[%clk 0:47:45]} Rde8 {[%clk 1:05:28]} 25. h3 {[%clk 0:39:06]} Re2
{[%clk 1:05:13]} 26. Nf3 {[%clk 0:38:23]} Bxf3 {[%clk 1:05:07]} 27. Qxf3
{[%clk 0:38:42]} h4 {[%clk 1:04:18]} 0-1